Odgadnij kraj Europy po sąsiadach - Statystyki

Ogólne statystyki
  • Ten quiz został rozwiązany 51 razy
  • Średni wynik to 8 z 10
Statystyki odpowiedzi
Sąsiedzi Pańatwo % Poprawnych
Hiszpania Portugalia
91%
Niemcy Dania
85%
Wielka Brytania Irlandia
85%
Belgia, Niemcy Holandia
83%
Bośnia i Hercegowina, Serbia, Kosowo, Albania Czarnogóra
78%
Francja, Hiszpania Andora
76%
Francja Monako
76%
Niemcy, Czechy, Słowacja, Węgry, Słowenia, Włochy, Szwajcaria, Liechtenstein Austria
74%
Rumunia, Ukraina Mołdawia
74%
Austria, Węgry, Chorwacja, Włochy Słowenia
72%
Nie znaleziono quizów pasujących do podanych kryteriów
Rozkład punktacji
Procent ludzi z każdym wynikiem
Percentyl według liczby udzielonych odpowiedzi
Twoja historia wyników
Nie rozwiązałeś tego quizu